| 000 | 00477 a2200169 4500 | ||
|---|---|---|---|
| 005 | 20260305152847.0 | ||
| 008 | 260305b |||||||| |||| 00| 0 eng d | ||
| 020 | _a9780295744957 | ||
| 040 | _cSDCL | ||
| 041 |
_2eng _aeng |
||
| 084 | _aV2y7M69 Q9 | ||
| 100 | _aSlate, Nico | ||
| 245 |
_aGandhi's Search for the Perfect Diet : _bEating with the World in Mind |
||
| 260 |
_aAmerica : _bUniversity of Washington Press, _c2019. |
||
| 300 | _axii, 237p. | ||
| 942 |
_cTEXL _2CC |
||
| 999 |
_c1678294 _d1678294 |
||